Normal view
MARC view
- Das, Dr. Hari Hara
Entry Personal Name
001 - CONTROL NUMBER
- control field: 4012
003 - CONTROL NUMBER IDENTIFIER
- control field: OSt
005 - DATE AND TIME OF LATEST TRANSACTION
- control field: 20210308112600.0
008 - FIXED-LENGTH DATA ELEMENTS
- fixed length control field: 210308|| aca||aabn | a|a d
040 ## - CATALOGING SOURCE
- Original cataloging agency: OSt
- Transcribing agency: OSt
100 ## - HEADING--PERSONAL NAME
- Personal name: Das, Dr. Hari Hara
670 ## - SOURCE DATA FOUND
- Source citation: Work cat.: (OSt)3177: Das, Dr. Hari Hara , Principles of International Law and Organization, c1995
